000 00358nam a2200145 4500
005 20250620090230.0
008 4
020 _a0801070600
050 _aBR758
_b.P53 PHI
100 _aPHILPOT CHARLES JOSEPH
245 _aLETTERS AND MEMOIR OF JOSEPH CHARLES PHILPOT
260 _aMICHIGAN
_bBAKER BOOK HOUSE
_cc1981
300 _aviii,560p
942 _2lcc
_cBK
_n0
999 _c6606
_d6606